000 00447nam a2200181Ia 4500
001 7664
005 20260306160512.0
008 260306t2007||||xx |||||||||||||| ||spa||
041 _aESP
082 _a353.7
_bR84 2005
100 _aRoselló Cerezuela, David
_eAUT
245 0 _aDiseño y evaluación de proyectos culturales
260 _c2007
300 _a239 páginas :
_ccm.
650 _aGEN
654 _aCAN
942 _cLIB
_dJUS
_fJUS
_2ddc
_n
999 _c7664
_d7664